| 000 | 00885nam a2200241 a 4500 | ||
|---|---|---|---|
| 001 | 000018434 | ||
| 005 | 20200929165516.0 | ||
| 008 | 100506s1949 sp r 000 d spa d | ||
| 040 |
_aDO-SdBNP _bspa _cBNPHU |
||
| 082 |
_a863.3 _bL431v |
||
| 130 | 3 |
_aEl Lazarillo de Tormes _939904 |
|
| 245 | 1 | 3 |
_aLa vida de Lazarillo de Tormes y de sus fortunas y adversidades / _cedición y notas de Julio Cejador y Frauca. |
| 260 |
_aMadrid : _bEspasa-Calpe, _c1949. |
||
| 300 |
_a253, [2] p. ; _c19 cm. |
||
| 490 | 1 |
_aClásicos castellanos _v25 |
|
| 504 | _aIncluye referencias bibliográficas y notas al pie de las páginas. | ||
| 650 | 4 |
_aNovela española _91123 |
|
| 650 | 4 |
_aLiteratura picaresca _91124 |
|
| 650 | 4 |
_aLiteratura española _9632 |
|
| 700 | 1 |
_aCejador y Frauca, Julio, _eed. _939879 |
|
| 830 | 0 |
_aClásicos castellanos _n25 _939905 |
|
| 910 | _aValidado. Control de calidad. MFF | ||
| 999 |
_c17954 _d17954 |
||